[Event "Campeonato del mundo sub-18"]
[Site "Kemer TUR"]
[Date "2009.11.20"]
[Round "9.46"]
[White "Rumjantsev, Jevgeni"]
[Black "Rasovic, Uros"]
[Result "1/2-1/2"]
[WhiteElo "2039"]
[BlackElo "1914"]
[PlyCount "96"]
[EventDate "2009.11.11"]
[EventType "swiss"]
[EventRounds "11"]
[EventCountry "ESP"]
[Source "lmi"]
[SourceDate "2009.11.11"]

1. e4 c5 2. Nf3 d6 3. d4 cxd4 4. Nxd4 Nf6 5. Nc3 a6 6. Bg5 e6 7. f4 Qc7 8. Qf3
Nbd7 9. O-O-O b5 10. e5 Bb7 11. Qh3 dxe5 12. Nxe6 fxe6 13. Qxe6+ Be7 14. Bxb5
axb5 15. Nxb5 Qb6 16. Nd6+ Kd8 17. Bxf6 gxf6 18. Nxb7+ Qxb7 19. Rxd7+ Qxd7 20.
Rd1 Qxd1+ 21. Kxd1 exf4 22. a4 Ra7 23. Qb6+ Rc7 24. Qb8+ Rc8 25. Qxf4 Kd7 26.
Qf5+ Kd6 27. b4 Rhg8 28. c4 Rcd8 29. Ke1 Rg5 30. Qxh7 Re5+ 31. Kf2 Ke6 32. c5
Rd4 33. c6 Rxb4 34. Qg8+ Kd6 35. Qe8 Rb2+ 36. Kg3 Kd5 37. Qd7+ Bd6 38. c7 Rg5+
39. Kh4 Rb4+ 40. g4 Rgxg4+ 41. Qxg4 Rxg4+ 42. Kxg4 Bxc7 43. Kf5 Bxh2 44. Kxf6
Bc7 45. a5 Kc6 46. Kg7 Kb7 47. Kh8 Be5+ 48. Kh7 Ka6 1/2-1/2

[Event "Campeonato del mundo sub-18"]
[Site "Kemer TUR"]
[Date "2009.11.20"]
[Round "9.47"]
[White "Hapuarachchi, H L M."]
[Black "Celis, Joel Chang"]
[Result "1/2-1/2"]
[WhiteElo "2019"]
[BlackElo "1698"]
[PlyCount "39"]
[EventDate "2009.11.11"]
[EventType "swiss"]
[EventRounds "11"]
[EventCountry "ESP"]
[Source "lmi"]
[SourceDate "2009.11.11"]

1. e4 c5 2. Nc3 Nc6 3. f4 g6 4. Nf3 d6 5. Bb5 Bd7 6. O-O Bg7 7. d3 Nf6 8. Bxc6
Bxc6 9. Qe1 O-O 10. Qh4 e6 11. f5 Nh5 12. Bg5 Bf6 13. Bxf6 Qxf6 14. Qxf6 Nxf6
15. fxe6 fxe6 16. Ng5 Rae8 17. Rf3 h6 18. Raf1 Kg7 19. Nh3 g5 20. R3f2 1/2-1/2

[Event "Campeonato del mundo sub-18"]
[Site "Kemer TUR"]
[Date "2009.11.21"]
[Round "10.1"]
[White "Salgado Lopez, Ivan"]
[Black "Adhiban, Baskaran"]
[Result "1/2-1/2"]
[WhiteElo "2562"]
[BlackElo "2486"]
[PlyCount "35"]
[EventDate "2009.11.11"]
[EventType "swiss"]
[EventRounds "11"]
[EventCountry "ESP"]
[Source "lmi"]
[SourceDate "2009.11.11"]

1. d4 d5 2. c4 c6 3. Nf3 Nf6 4. cxd5 cxd5 5. Nc3 Nc6 6. Bf4 a6 7. Rc1 Nh5 8.
Bd2 e6 9. e3 Nf6 10. Ne5 Bd7 11. Bd3 Bd6 12. f4 Rc8 13. O-O O-O 14. g4 Ne7 15.
g5 Ne8 16. Rf3 f5 17. Qb3 Bxe5 18. fxe5 1/2-1/2

[Event "Campeonato del mundo sub-18"]
[Site "Kemer TUR"]
[Date "2009.11.21"]
[Round "10.2"]
[White "Rozum, Ivan"]
[Black "Matlakov, Maxim"]
[Result "0-1"]
[WhiteElo "2458"]
[BlackElo "2575"]
[PlyCount "84"]
[EventDate "2009.11.11"]
[EventType "swiss"]
[EventRounds "11"]
[EventCountry "ESP"]
[Source "lmi"]
[SourceDate "2009.11.11"]

1. d4 d5 2. c4 c6 3. Nf3 Nf6 4. e3 Bf5 5. Nc3 e6 6. Nh4 Be4 7. f3 Bg6 8. Qb3
Qc7 9. Bd2 Be7 10. Nxg6 hxg6 11. g3 a6 12. Rc1 dxc4 13. Bxc4 Nbd7 14. a4 O-O
15. O-O Rad8 16. Qc2 c5 17. Ne2 Qb8 18. a5 Rc8 19. Qb1 Rfd8 20. b4 cxd4 21.
Nxd4 Nd5 22. Qb3 Ne5 23. Be2 Bf6 24. f4 Nc6 25. Nf3 Qc7 26. Kh1 Be7 27. b5 axb5
28. Bxb5 Nxa5 29. Qa4 b6 30. Ne5 Qb7 31. Bxa5 bxa5 32. Bc6 Qb6 33. Qe4 Qxe3 34.
Qg2 Bf6 35. Ng4 Qb6 36. Ba4 Ne3 37. Nxe3 Rxc1 38. Rxc1 Qxe3 39. Rd1 Rxd1+ 40.
Bxd1 Bd4 41. Qf1 a4 42. Kg2 a3 0-1

[Event "Campeonato del mundo sub-18"]
[Site "Kemer TUR"]
[Date "2009.11.21"]
[Round "10.3"]
[White "Arslanov, Shamil"]
[Black "Piorun, Kacper"]
[Result "1/2-1/2"]
[WhiteElo "2379"]
[BlackElo "2475"]
[PlyCount "77"]
[EventDate "2009.11.11"]
[EventType "swiss"]
[EventRounds "11"]
[EventCountry "ESP"]
[Source "lmi"]
[SourceDate "2009.11.11"]

1. e4 e6 2. d4 d5 3. Nc3 Nf6 4. e5 Nfd7 5. f4 c5 6. Nf3 Nc6 7. Be3 a6 8. Qd2 b5
9. a3 Bb7 10. Ne2 Qc7 11. Ng3 O-O-O 12. Be2 cxd4 13. Nxd4 g5 14. f5 Nxd4 15.
Bxd4 Nxe5 16. Qxg5 Bd6 17. O-O Rhg8 18. Qh4 Kb8 19. c3 Nc4 20. Bxc4 dxc4 21.
Rae1 e5 22. Bf2 Bc5 23. Qxh7 Rxg3 24. hxg3 Qc6 25. Qh2 Ka7 26. g4 Rd3 27. Bxc5+
Qxc5+ 28. Rf2 Be4 29. Qh4 Bb7 30. g5 e4 31. g6 fxg6 32. fxg6 e3 33. Rfe2 Rd5
34. Rxe3 Rd2 35. Qg3 Rxg2+ 36. Qxg2 Bxg2 37. Kxg2 Qc6+ 38. Kh2 Qxg6 39. Re7+
1/2-1/2

[Event "Campeonato del mundo sub-18"]
[Site "Kemer TUR"]
[Date "2009.11.21"]
[Round "10.4"]
[White "Salem, A.R.Saleh"]
[Black "Yilmaz, Mustafa"]
[Result "1-0"]
[WhiteElo "2472"]
[BlackElo "2468"]
[PlyCount "85"]
[EventDate "2009.11.11"]
[EventType "swiss"]
[EventRounds "11"]
[EventCountry "ESP"]
[Source "lmi"]
[SourceDate "2009.11.11"]

1. d4 d5 2. c4 c6 3. Nc3 Nf6 4. e3 g6 5. Nf3 Bg7 6. h3 O-O 7. Bd3 dxc4 8. Bxc4
b5 9. Bd3 Nbd7 10. O-O Bb7 11. a3 a6 12. b4 Nd5 13. Ne4 a5 14. Rb1 axb4 15.
axb4 Qc7 16. Qb3 Ra4 17. Bd2 Rfa8 18. Rfc1 Qb8 19. Qd1 Ra3 20. Bc2 N5f6 21. Nc3
e5 22. Bb3 exd4 23. exd4 Nb6 24. Ne5 Nfd5 25. Qf3 Bxe5 26. dxe5 Qxe5 27. Re1
Qg7 28. Nxd5 Nxd5 29. Bc1 Qc3 30. Bxa3 Qxf3 31. gxf3 Rxa3 32. Re8+ Kg7 33. Rb8
Nc3 34. Rb2 Ba8 35. Kh2 c5 36. bxc5 Bxf3 37. Rd8 Be4 38. Rd7 Kh6 39. Rxf7 Na4
40. Bxa4 bxa4 41. Rb4 Bf5 42. Rh4+ Kg5 43. f4+ 1-0

[Event "Campeonato del mundo sub-18"]
[Site "Kemer TUR"]
[Date "2009.11.21"]
[Round "10.5"]
[White "Benidze, Davit"]
[Black "Rasulov, Vugar Ural Oglu"]
[Result "1-0"]
[WhiteElo "2450"]
[BlackElo "2427"]
[PlyCount "79"]
[EventDate "2009.11.11"]
[EventType "swiss"]
[EventRounds "11"]
[EventCountry "ESP"]
[Source "lmi"]
[SourceDate "2009.11.11"]

1. d4 Nf6 2. Nf3 c5 3. g3 cxd4 4. Nxd4 Nc6 5. Bg2 Qb6 6. Nb3 e6 7. c4 Ne5 8.
Qc2 Qc7 9. N1d2 d5 10. O-O dxc4 11. Nd4 Bd7 12. N4f3 Nxf3+ 13. Nxf3 Bd6 14. Bg5
Rc8 15. Rfd1 b5 16. e4 Ng4 17. Rxd6 Qxd6 18. Rd1 Qc7 19. h3 f6 20. Bd2 Ne5 21.
Nxe5 Qxe5 22. Bf4 Qc5 23. Bd6 Qb6 24. e5 Bc6 25. exf6 gxf6 26. Qe2 Kf7 27. Qh5+
Kg7 28. Bf4 Rhg8 29. Qh6+ Kf7 30. Qxh7+ Rg7 31. Qh5+ Rg6 32. Rd6 Qb7 33. Rxc6
Rxc6 34. Be4 f5 35. Be5 Kf8 36. Qxg6 fxe4 37. Qh6+ Ke8 38. Qh8+ Kd7 39. Qg7+
Kc8 40. Qf8+ 1-0

[Event "Campeonato del mundo sub-18"]
[Site "Kemer TUR"]
[Date "2009.11.21"]
[Round "10.6"]
[White "Martinovic, Sasa"]
[Black "Balog, Imre"]
[Result "1-0"]
[WhiteElo "2483"]
[BlackElo "2491"]
[PlyCount "87"]
[EventDate "2009.11.11"]
[EventType "swiss"]
[EventRounds "11"]
[EventCountry "ESP"]
[Source "lmi"]
[SourceDate "2009.11.11"]

1. d4 d5 2. c4 c6 3. Nc3 dxc4 4. e4 b5 5. a4 b4 6. Na2 Nf6 7. e5 Nd5 8. Bxc4
Bf5 9. Nf3 e6 10. Bg5 Qb6 11. Nc1 a5 12. Nh4 h6 13. Nxf5 hxg5 14. Ng3 Rh4 15.
Nb3 Nd7 16. O-O Nc7 17. Rc1 c5 18. dxc5 Nxc5 19. Qf3 Rd8 20. Qe3 Be7 21. Nxc5
Bxc5 22. Qxg5 Rdd4 23. Be2 g6 24. Bf3 b3 25. Ne2 Rxa4 26. Rfd1 Be7 27. Bc6+
Qxc6 28. Qxh4 Rxh4 29. Rxc6 Nd5 30. f4 Kd7 31. Ra6 Bc5+ 32. Kh1 Bb4 33. g3 Rh8
34. Ra7+ Kc6 35. Nd4+ Kb6 36. Rxf7 Ne3 37. Rc1 Nc2 38. Nxb3 a4 39. Rxc2 axb3
40. Rc4 Kb5 41. Rcc7 Ba5 42. Rb7+ Kc4 43. Rfd7 Ra8 44. Kg2 1-0

[Event "Campeonato del mundo sub-18"]
[Site "Kemer TUR"]
[Date "2009.11.21"]
[Round "10.7"]
[White "Ter-Sahakyan, Samvel"]
[Black "Krejci, Jan"]
[Result "1-0"]
[WhiteElo "2512"]
[BlackElo "2458"]
[PlyCount "59"]
[EventDate "2009.11.11"]
[EventType "swiss"]
[EventRounds "11"]
[EventCountry "ESP"]
[Source "lmi"]
[SourceDate "2009.11.11"]

1. e4 e5 2. Nf3 Nf6 3. Nxe5 d6 4. Nf3 Nxe4 5. Nc3 Nxc3 6. dxc3 Be7 7. Bf4 Nc6
8. Qd2 Be6 9. O-O-O Qd7 10. h4 h6 11. Bb5 a6 12. Ba4 Bf6 13. Nd4 b5 14. Bb3
Nxd4 15. cxd4 d5 16. Rde1 a5 17. c3 b4 18. cxb4 axb4 19. g4 Be7 20. f3 O-O 21.
Kb1 c5 22. dxc5 Bxc5 23. Qd3 d4 24. Bxe6 fxe6 25. Be5 Rf7 26. f4 Bd6 27. f5 Qe8
28. Bxd4 exf5 29. g5 Kh7 30. g6+ 1-0

[Event "Campeonato del mundo sub-18"]
[Site "Kemer TUR"]
[Date "2009.11.21"]
[Round "10.8"]
[White "Lovik, Lasse Ostebo"]
[Black "Abasov, Nijat"]
[Result "1/2-1/2"]
[WhiteElo "2379"]
[BlackElo "2522"]
[PlyCount "80"]
[EventDate "2009.11.11"]
[EventType "swiss"]
[EventRounds "11"]
[EventCountry "ESP"]
[Source "lmi"]
[SourceDate "2009.11.11"]

1. e4 c5 2. Nf3 d6 3. d4 cxd4 4. Nxd4 Nf6 5. Nc3 Nc6 6. Be2 g6 7. Be3 Bg7 8.
O-O O-O 9. h3 Bd7 10. Qd2 Nxd4 11. Bxd4 Bc6 12. Bf3 Qa5 13. Rad1 Rfe8 14. Rfe1
Nd7 15. Bxg7 Kxg7 16. Qd4+ Qe5 17. Be2 Qxd4 18. Rxd4 Rac8 19. Bc4 a6 20. Re2 b5
21. Bd5 Nb6 22. Bxc6 Rxc6 23. Nd5 Nxd5 24. exd5 Rc5 25. c3 h5 26. g4 hxg4 27.
hxg4 g5 28. Kg2 Kf6 29. f4 Rc4 30. Rxc4 bxc4 31. Kf3 Rb8 32. f5 Rh8 33. Ke4 Rh1
34. Kd4 Rg1 35. Re4 Rg2 36. b3 Rxa2 37. Kxc4 Rd2 38. Re1 Rg2 39. Re4 Rd2 40. b4
Rd1 1/2-1/2

[Event "Campeonato del mundo sub-18"]
[Site "Kemer TUR"]
[Date "2009.11.21"]
[Round "10.9"]
[White "Kulakov, Viacheslav"]
[Black "Chirila, Ioan-Cristian"]
[Result "0-1"]
[WhiteElo "2380"]
[BlackElo "2510"]
[PlyCount "48"]
[EventDate "2009.11.11"]
[EventType "swiss"]
[EventRounds "11"]
[EventCountry "ESP"]
[Source "lmi"]
[SourceDate "2009.11.11"]

1. d4 Nf6 2. Nf3 c5 3. e3 g6 4. b3 Bg7 5. Bb2 O-O 6. Nbd2 b6 7. Bd3 Bb7 8. O-O
d6 9. Qe2 Nbd7 10. a4 Qc7 11. e4 cxd4 12. Nxd4 a6 13. b4 d5 14. c4 dxe4 15.
Nxe4 Nxe4 16. Bxe4 Bxe4 17. Qxe4 Qxc4 18. Qxe7 Ne5 19. Rfc1 Qd5 20. Rd1 Rad8
21. h3 Nc4 22. Bc3 Rfe8 23. Qa7 Ra8 24. Qc7 Be5 0-1

[Event "Campeonato del mundo sub-18"]
[Site "Kemer TUR"]
[Date "2009.11.21"]
[Round "10.10"]
[White "Nabaty, Tamir"]
[Black "Pavlidis, Antonios"]
[Result "1-0"]
[WhiteElo "2508"]
[BlackElo "2364"]
[PlyCount "101"]
[EventDate "2009.11.11"]
[EventType "swiss"]
[EventRounds "11"]
[EventCountry "ESP"]
[Source "lmi"]
[SourceDate "2009.11.11"]

1. c4 Nf6 2. Nc3 g6 3. e4 d6 4. g3 Bg7 5. Bg2 O-O 6. Nge2 c5 7. O-O Nc6 8. d3
Bd7 9. a3 Qc8 10. Rb1 Bh3 11. b4 b6 12. Nd5 Bxg2 13. Kxg2 e6 14. Nxf6+ Bxf6 15.
Bh6 Bg7 16. Bxg7 Kxg7 17. d4 cxd4 18. Nxd4 Rd8 19. Nb5 Ne5 20. Rc1 Qc6 21. Qe2
a6 22. Nd4 Qb7 23. f4 Nc6 24. Nf3 Kg8 25. h4 h5 26. Ng5 d5 27. cxd5 exd5 28. f5
Ne5 29. fxg6 fxg6 30. Qb2 Re8 31. Qb3 Rad8 32. Rcd1 Qc6 33. Rxd5 Rxd5 34. exd5
Qc4 35. Qxc4 Nxc4 36. Rf6 Kg7 37. Rf7+ Kg8 38. Rf6 Kg7 39. Rf7+ Kg8 40. Rd7 Rf8
41. Re7 Rf6 42. Ne4 Ne3+ 43. Kh2 Rf1 44. d6 Kf8 45. Rh7 Ng4+ 46. Kg2 Ne3+ 47.
Kh2 Ng4+ 48. Kh3 Ke8 49. d7+ Kd8 50. Nd6 Kc7 51. Nb7 1-0

[Event "Campeonato del mundo sub-18"]
[Site "Kemer TUR"]
[Date "2009.11.21"]
[Round "10.11"]
[White "Poetsch, Hagen"]
[Black "Bogner, Sebastian"]
[Result "0-1"]
[WhiteElo "2361"]
[BlackElo "2504"]
[PlyCount "68"]
[EventDate "2009.11.11"]
[EventType "swiss"]
[EventRounds "11"]
[EventCountry "ESP"]
[Source "lmi"]
[SourceDate "2009.11.11"]

1. e4 c5 2. Nf3 d6 3. d4 cxd4 4. Nxd4 Nf6 5. Nc3 a6 6. Bg5 Nbd7 7. f4 Qc7 8.
Qe2 e5 9. Nf5 h6 10. Bxf6 Nxf6 11. Qc4 Qxc4 12. Bxc4 Be6 13. Bxe6 fxe6 14. Nh4
exf4 15. Ng6 Rg8 16. Nxf4 Kd7 17. Ng6 Be7 18. Rf1 Ke8 19. Nf4 Kf7 20. O-O-O
Rac8 21. Rde1 Rge8 22. Nd3 Kg8 23. h3 Nd7 24. Kb1 Nb6 25. e5 d5 26. Re2 Nc4 27.
Nf4 Bb4 28. Rf3 Rc6 29. Ng6 Kh7 30. Rg3 Nxb2 31. Kxb2 Bxc3+ 32. Kb3 Rec8 33. a4
Rb6+ 34. Ka2 Rc4 0-1

[Event "Campeonato del mundo sub-18"]
[Site "Kemer TUR"]
[Date "2009.11.21"]
[Round "10.13"]
[White "Durarbeyli, Vasif"]
[Black "Demidov, Mikhail"]
[Result "1-0"]
[WhiteElo "2456"]
[BlackElo "2360"]
[PlyCount "75"]
[EventDate "2009.11.11"]
[EventType "swiss"]
[EventRounds "11"]
[EventCountry "ESP"]
[Source "lmi"]
[SourceDate "2009.11.11"]

1. e4 e6 2. d4 d5 3. Nd2 Nf6 4. e5 Nfd7 5. Bd3 c5 6. c3 Nc6 7. Ngf3 Be7 8. O-O
b6 9. Re1 a5 10. dxc5 bxc5 11. c4 Nb6 12. cxd5 exd5 13. Bb5 Qc7 14. e6 f6 15.
Nh4 g6 16. Qg4 f5 17. Nxf5 gxf5 18. Qg7 Rf8 19. Nf3 Bb7 20. Bg5 d4 21. Re5 h6
22. Bh4 O-O-O 23. Bxc6 Qxc6 24. Qxe7 Na4 25. Qh7 Rg8 26. Bxd8 Rxg2+ 27. Kxg2
Qxf3+ 28. Kf1 Qg2+ 29. Ke1 Qg1+ 30. Kd2 Qxf2+ 31. Re2 Qf4+ 32. Ke1 Bc6 33. Qg8
Qf3 34. Qg7 Qf4 35. Bxa5 d3 36. Qe5 Qh4+ 37. Rf2 d2+ 38. Bxd2 1-0

[Event "Campeonato del mundo sub-18"]
[Site "Kemer TUR"]
[Date "2009.11.21"]
[Round "10.14"]
[White "Shukh, Nikolay"]
[Black "Darini, Pouria"]
[Result "0-1"]
[WhiteElo "2438"]
[BlackElo "2366"]
[PlyCount "51"]
[EventDate "2009.11.11"]
[EventType "swiss"]
[EventRounds "11"]
[EventCountry "ESP"]
[Source "lmi"]
[SourceDate "2009.11.11"]

1. e4 c5 2. Nf3 d6 3. d4 cxd4 4. Nxd4 Nf6 5. Nc3 a6 6. Be3 Ng4 7. Bg5 h6 8. Bh4
g5 9. Bg3 Bg7 10. Be2 h5 11. Bxg4 Bxg4 12. f3 Bd7 13. Qd2 Nc6 14. Nde2 h4 15.
Bf2 h3 16. g3 Ne5 17. Nd4 Rc8 18. O-O e6 19. Rad1 b5 20. Nce2 g4 21. f4 Nc4 22.
Qb4 O-O 23. b3 a5 24. Qe1 Na3 25. c3 Qc7 26. Rc1 0-1

[Event "Campeonato del mundo sub-18"]
[Site "Kemer TUR"]
[Date "2009.11.21"]
[Round "10.15"]
[White "Faizulaev, Akmal"]
[Black "Baron, Tal"]
[Result "1/2-1/2"]
[WhiteElo "2303"]
[BlackElo "2404"]
[PlyCount "100"]
[EventDate "2009.11.11"]
[EventType "swiss"]
[EventRounds "11"]
[EventCountry "ESP"]
[Source "lmi"]
[SourceDate "2009.11.11"]

1. e4 c5 2. Nf3 Nc6 3. Bb5 g6 4. O-O Bg7 5. Re1 Nf6 6. e5 Nd5 7. Nc3 Nc7 8.
Bxc6 dxc6 9. Ne4 Ne6 10. d3 O-O 11. Be3 b6 12. Qd2 Nd4 13. Nxd4 cxd4 14. Bh6
Bb7 15. Qf4 c5 16. Qh4 f6 17. Bxg7 Kxg7 18. Qg3 f5 19. Ng5 Qd7 20. Qh3 h6 21.
e6 Qc7 22. Nf7 h5 23. Qh4 Rae8 24. Re5 Rxf7 25. exf7 Kxf7 26. Rae1 e6 27. Qf4
Qd8 28. h4 Bd5 29. a3 Rg8 30. b4 g5 31. hxg5 Qxg5 32. Qxg5 Rxg5 33. Rxd5 exd5
34. bxc5 bxc5 35. Re5 Kf6 36. Rxd5 f4 37. Rd8 Ke7 38. Ra8 f3 39. Rxa7+ Ke6 40.
Ra6+ Ke5 41. g3 h4 42. Rc6 Kd5 43. Rf6 hxg3 44. Rxf3 gxf2+ 45. Kxf2 Rg8 46. Ke2
Ra8 47. Rf5+ Kc6 48. Kd2 Rxa3 49. Rf6+ Kd5 50. Rf5+ Kc6 1/2-1/2

[Event "Campeonato del mundo sub-18"]
[Site "Kemer TUR"]
[Date "2009.11.21"]
[Round "10.16"]
[White "Shreyansh, Daklia"]
[Black "Demuth, Adrien"]
[Result "1/2-1/2"]
[WhiteElo "2236"]
[BlackElo "2387"]
[PlyCount "82"]
[EventDate "2009.11.11"]
[EventType "swiss"]
[EventRounds "11"]
[EventCountry "ESP"]
[Source "lmi"]
[SourceDate "2009.11.11"]

1. e4 c5 2. Nf3 Nc6 3. Bb5 e6 4. O-O Nge7 5. c3 a6 6. Ba4 b5 7. Bc2 d5 8. e5 d4
9. Qe2 Qb6 10. Be4 Bb7 11. a4 Rd8 12. axb5 axb5 13. d3 Nd5 14. h4 Be7 15. h5 h6
16. Bd2 dxc3 17. bxc3 b4 18. c4 Nc7 19. Be3 Nd4 20. Bxd4 cxd4 21. Nbd2 Na6 22.
Bxb7 Qxb7 23. Nb3 Nc5 24. Nfxd4 O-O 25. Rfd1 Qb6 26. Nxc5 Bxc5 27. Nb3 Bd4 28.
Ra5 Bc3 29. Qe3 Bd4 30. Qe2 Bc3 31. Rb5 Qa7 32. Na5 Qc7 33. Nb7 Rb8 34. Nd6
Rxb5 35. Nxb5 Qxe5 36. Qxe5 Bxe5 37. d4 Rd8 38. Kf1 b3 39. Rb1 Bxd4 40. Rxb3
Bc5 41. Ke2 Kf8 1/2-1/2

[Event "Campeonato del mundo sub-18"]
[Site "Kemer TUR"]
[Date "2009.11.21"]
[Round "10.17"]
[White "Hovhannisyan, Robert"]
[Black "Mazur, Stefan"]
[Result "1-0"]
[WhiteElo "2487"]
[BlackElo "2360"]
[PlyCount "159"]
[EventDate "2009.11.11"]
[EventType "swiss"]
[EventRounds "11"]
[EventCountry "ESP"]
[Source "lmi"]
[SourceDate "2009.11.11"]

1. e4 e5 2. Nf3 Nc6 3. Bb5 a6 4. Ba4 Nf6 5. O-O Be7 6. Re1 b5 7. Bb3 d6 8. c3
O-O 9. h3 Na5 10. Bc2 c5 11. d4 Qc7 12. Nbd2 cxd4 13. cxd4 Nc6 14. Nb3 a5 15.
Be3 a4 16. Nbd2 Bd7 17. Rc1 Qb7 18. Nf1 Rfe8 19. Ng3 Bd8 20. Qe2 h6 21. Red1
Bb6 22. dxe5 dxe5 23. Rd6 Qc7 24. Rxf6 gxf6 25. Nh5 Re6 26. Nh4 Rd6 27. Bxh6
Nd4 28. Qd1 Kh7 29. Bd3 Qa7 30. Be3 Rg8 31. Nxf6+ Rxf6 32. Qh5+ Kg7 33. Qg5+
Rg6 34. Nxg6 fxg6 35. Qxe5+ Kf7 36. Bg5 Bd8 37. Bxd8 Rxd8 38. Rc7 Qb6 39. Qd5+
Ke7 40. Rb7 Qd6 41. Qg5+ Qf6 42. Qe3 Qc6 43. e5 Ne6 44. Rxb5 Be8 45. Ra5 Rd4
46. Ra7+ Bd7 47. Ra6 Qc5 48. Kh2 Rd5 49. Qg3 Rxe5 50. Qh4+ g5 51. Qh7+ Kd8 52.
Qh8+ Kc7 53. Ra8 Re1 54. Qb8+ Kc6 55. Ra6+ Kd5 56. Bf5 Qc7+ 57. Qxc7 Nxc7 58.
Ra5+ Bb5 59. Bd7 Kc5 60. Bxb5 Nxb5 61. Rxa4 Re2 62. Rg4 Rxb2 63. Rxg5+ Kc6 64.
f4 Rxa2 65. h4 Nd4 66. Kh3 Ne2 67. g3 Ng1+ 68. Kg4 Ra3 69. h5 Ne2 70. h6 Rxg3+
71. Kh4 Rf3 72. h7 Nxf4 73. Kg4 Rh3 74. Rg7 Kd6 75. Kxf4 Ke6 76. Kg5 Rh1 77.
Ra7 Rg1+ 78. Kh6 Rh1+ 79. Kg7 Rg1+ 80. Kf8 1-0

[Event "Campeonato del mundo sub-18"]
[Site "Kemer TUR"]
[Date "2009.11.21"]
[Round "10.20"]
[White "Yaksin, Oleg"]
[Black "Kanakaris, Georgios"]
[Result "1-0"]
[WhiteElo "2406"]
[BlackElo "2312"]
[PlyCount "115"]
[EventDate "2009.11.11"]
[EventType "swiss"]
[EventRounds "11"]
[EventCountry "ESP"]
[Source "lmi"]
[SourceDate "2009.11.11"]

1. d4 Nf6 2. c4 g6 3. Nf3 Bg7 4. g3 O-O 5. Bg2 d6 6. O-O Nbd7 7. Nc3 e5 8. e4
c6 9. b3 Re8 10. h3 exd4 11. Nxd4 Nc5 12. Re1 Nfd7 13. Be3 Nf8 14. Qc2 a5 15.
Rad1 Qe7 16. f4 Bd7 17. Bf2 Nfe6 18. Nxe6 Bxe6 19. Bd4 Rad8 20. Qf2 Bxd4 21.
Rxd4 a4 22. bxa4 Qc7 23. Red1 Qa5 24. Qc2 Ra8 25. f5 Bc8 26. Rxd6 Nxa4 27. Nxa4
Qxa4 28. Qc1 Qa5 29. f6 Qh5 30. g4 Qh4 31. Rd8 Bxg4 32. Rxe8+ Rxe8 33. hxg4
Qxf6 34. Rd7 Qe6 35. Rxb7 Qxg4 36. Qf1 Rf8 37. a4 Qc8 38. Qb1 Rd8 39. a5 Qg4
40. Rb8 Rxb8 41. Qxb8+ Kg7 42. Qb2+ Kg8 43. Qb8+ Kg7 44. Qe5+ Kg8 45. a6 Qd7
46. c5 Qd1+ 47. Kh2 Qe1 48. Qg3 Qa1 49. Qb8+ Kg7 50. a7 Qf6 51. a8=Q Qh4+ 52.
Kg1 Qe1+ 53. Bf1 Qe3+ 54. Kg2 Qxe4+ 55. Kf2 Qc2+ 56. Ke3 Qc1+ 57. Kd4 Qd2+ 58.
Bd3 1-0

[Event "Campeonato del mundo sub-18"]
[Site "Kemer TUR"]
[Date "2009.11.21"]
[Round "10.21"]
[White "Kaminski, Victor"]
[Black "Kleijn, Christov"]
[Result "1/2-1/2"]
[WhiteElo "2235"]
[BlackElo "2383"]
[PlyCount "48"]
[EventDate "2009.11.11"]
[EventType "swiss"]
[EventRounds "11"]
[EventCountry "ESP"]
[Source "lmi"]
[SourceDate "2009.11.11"]

1. d4 Nf6 2. Nf3 g6 3. c4 Bg7 4. Nc3 d6 5. g3 O-O 6. Bg2 Nc6 7. O-O a6 8. e4
Bg4 9. h3 Bxf3 10. Bxf3 e5 11. dxe5 dxe5 12. Be3 Nd4 13. Kg2 Nd7 14. Nd5 c6 15.
Nb4 a5 16. Bxd4 exd4 17. Nd3 Qe7 18. Re1 Nc5 19. Nxc5 Qxc5 20. Qd3 a4 21. Be2
a3 22. b3 Qb4 23. Rad1 Qc3 24. Rc1 Qxd3 1/2-1/2

[Event "Campeonato del mundo sub-18"]
[Site "Kemer TUR"]
[Date "2009.11.21"]
[Round "10.23"]
[White "Binder, Michael"]
[Black "Shyam, Nikhil Ponnusamy"]
[Result "0-1"]
[WhiteElo "2202"]
[BlackElo "2393"]
[PlyCount "124"]
[EventDate "2009.11.11"]
[EventType "swiss"]
[EventRounds "11"]
[EventCountry "ESP"]
[Source "lmi"]
[SourceDate "2009.11.11"]

1. d4 Nf6 2. Nf3 c5 3. d5 b5 4. Bg5 Ne4 5. Bh4 Bb7 6. Qd3 f5 7. Nbd2 c4 8. Qd4
Na6 9. c3 Nc7 10. Nxe4 fxe4 11. Qxe4 Nxd5 12. Qd4 Qb6 13. e4 Nf4 14. O-O-O Qxd4
15. Nxd4 a6 16. f3 g6 17. Nc2 Bh6 18. Kb1 Rf8 19. Ne3 Rc8 20. Ng4 Bg7 21. Be1
e6 22. Bd2 h5 23. Nf2 e5 24. g3 Ne6 25. Be2 d5 26. exd5 Bxd5 27. Ne4 Bxe4+ 28.
fxe4 Nc5 29. Be3 Nxe4 30. Rd5 Rd8 31. Rxd8+ Kxd8 32. Rf1 Nf6 33. Kc2 Ke7 34. a4
Nd5 35. Rxf8 Nxe3+ 36. Kd2 Bxf8 37. Kxe3 Bh6+ 38. Ke4 Kd6 39. axb5 axb5 40. b3
cxb3 41. Bxb5 Bd2 42. Kd3 Kc5 43. Ba4 b2 44. Bc2 Bh6 45. Bb1 Kd6 46. h3 Bc1 47.
g4 h4 48. Ba2 Kc5 49. Bb1 g5 50. Bc2 e4+ 51. Ke2 Kd5 52. Bb1 Ke5 53. c4 Kf4 54.
c5 Kg3 55. c6 Bf4 56. Bxe4 Kxh3 57. Kf3 Bc7 58. Bf5 Kh2 59. Kf2 Bb6+ 60. Kf1 h3
61. Ke2 Kg3 62. Kd2 h2 0-1

[Event "Campeonato del mundo sub-18"]
[Site "Kemer TUR"]
[Date "2009.11.21"]
[Round "10.24"]
[White "Kocheev, Aleksandr"]
[Black "Anton, Teodor"]
[Result "1-0"]
[WhiteElo "2247"]
[BlackElo "2363"]
[PlyCount "109"]
[EventDate "2009.11.11"]
[EventType "swiss"]
[EventRounds "11"]
[EventCountry "ESP"]
[Source "lmi"]
[SourceDate "2009.11.11"]

1. e4 c5 2. Nf3 d6 3. c3 Nf6 4. Be2 g6 5. O-O Bg7 6. Bb5+ Nbd7 7. Qe2 O-O 8. d4
a6 9. Ba4 b5 10. Bc2 Bb7 11. Rd1 Qc7 12. Bg5 e5 13. dxe5 dxe5 14. Nbd2 Nh5 15.
Nf1 Nf4 16. Qd2 Nb6 17. Ne3 h6 18. Bxf4 exf4 19. Nd5 Bxd5 20. exd5 Qd6 21. a4
Nc4 22. Qc1 b4 23. Nd2 Nxd2 24. Qxd2 c4 25. Re1 Rfe8 26. Be4 Rab8 27. Bf3 Rxe1+
28. Qxe1 bxc3 29. bxc3 Rb2 30. Qe8+ Bf8 31. Qe4 Qc5 32. Be2 a5 33. Rd1 Bd6 34.
Rd4 Qa3 35. Rxc4 Bc5 36. Qe8+ Kg7 37. Qe5+ Kg8 38. h4 Rb1+ 39. Kh2 Rb7 40. Qe8+
Kg7 41. Qc8 Bxf2 42. Rxf4 Qd6 43. g3 Rc7 44. Qg4 Be1 45. c4 Re7 46. Bf3 Re3 47.
h5 g5 48. Rf5 Ra3 49. Kh3 f6 50. c5 Qxc5 51. Rxf6 Kxf6 52. Qe6+ Kg7 53. Qg6+
Kf8 54. Qxh6+ Ke7 55. Qxg5+ 1-0

[Event "Campeonato del mundo sub-18"]
[Site "Kemer TUR"]
[Date "2009.11.21"]
[Round "10.25"]
[White "Arenas, David"]
[Black "Pradeep Kumar, Raghu"]
[Result "0-1"]
[WhiteElo "2333"]
[BlackElo "2202"]
[PlyCount "72"]
[EventDate "2009.11.11"]
[EventType "swiss"]
[EventRounds "11"]
[EventCountry "ESP"]
[Source "lmi"]
[SourceDate "2009.11.11"]

1. e4 c5 2. Nf3 Nc6 3. d4 cxd4 4. Nxd4 Nf6 5. Nc3 e5 6. Ndb5 d6 7. Bg5 a6 8.
Na3 b5 9. Nd5 Be7 10. Bxf6 Bxf6 11. c3 O-O 12. Nc2 Bg5 13. a4 bxa4 14. Rxa4 a5
15. Bc4 Rb8 16. b3 Kh8 17. Nce3 Bxe3 18. Nxe3 Ne7 19. O-O f5 20. exf5 Bxf5 21.
Ra2 Be4 22. Rd2 Rb6 23. Qe2 Qe8 24. Ra1 Qg6 25. Rxa5 d5 26. Bb5 Rbf6 27. g3 Qh6
28. Qf1 Nf5 29. Nxd5 Nxg3 30. Qe1 Nf1 31. Qxe4 Nxd2 32. Nxf6 Nxe4 33. Nxe4 Qg6+
34. Ng3 Qb6 35. b4 Qxf2+ 36. Kh1 Qf3+ 0-1